EU emergency measures regarding the debt crisis

Problematika dlhovej krízy týkajúcej sa Európskej monetárnej únie. Analýza núdzových opatrení a nástrojov EÚ a zistovanie, či je k dispozícii spôsob ako dostať EMÚ z kruhu dlhovej krízy. Hypotéza je stanovené, že nástroje Európskej Komisie (EK) a Európskej centrálnej banky sú schopné opätovne našta...

Descripción completa

Guardado en:
Detalles Bibliográficos
Autor principal: Kordoš, Marcel
Formato: Capítulo de libro
Lenguaje:inglés
Materias:
Etiquetas: Agregar Etiqueta
Sin Etiquetas, Sea el primero en etiquetar este registro!

MARC

LEADER 00000naa a2200000 4500
001 0165949
005 20220718121042.7
041 0 |a eng 
044 |a SK 
245 1 0 |a EU emergency measures regarding the debt crisis  |c Marcel Kordoš 
520 |a Problematika dlhovej krízy týkajúcej sa Európskej monetárnej únie. Analýza núdzových opatrení a nástrojov EÚ a zistovanie, či je k dispozícii spôsob ako dostať EMÚ z kruhu dlhovej krízy. Hypotéza je stanovené, že nástroje Európskej Komisie (EK) a Európskej centrálnej banky sú schopné opätovne naštartovať ekonomický rast, znížiť nezamestnanosť a zachrániť európsku menu v budúcnosti. 
610 2 0 |a Európska menová únia 
610 2 0 |a kríza hospodárska 
610 2 0 |a recesia 
610 2 0 |a opatrenia 
610 2 0 |a stabilita hospodárstva 
100 1 |a Kordoš, Marcel